Opening Day Lineups: Los Angeles Dodgers - Statistics

General Stats
  • This quiz has been taken 924 times
    10 since last reset
  • The average score is 28 of 63
Answer Stats
# Starts Answer % Correct
7 Mookie Betts
100%
4 Shohei Ohtani
100%
9 Clayton Kershaw
90%
3 Enrique Hernandez
90%
5 Freddie Freeman
90%
1 Kyle Tucker
90%
7 Max Muncy
90%
3 Teoscar Hernández
90%
5 Will Smith
90%
1 Yoshinobu Yamamoto
90%
3 Andy Pages
80%
1 Blake Snell
80%
3 Miguel Rojas
80%
1 Tyler Glasnow
80%
6 Yasiel Puig
80%
5 Matt Kemp
70%
1 Russell Martin
70%
1 Tommy Edman
70%
5 Cody Bellinger
60%
6 Corey Seager
60%
2 James Outman
60%
1 J.D. Martinez
60%
1 Julio Urías
60%
7 Justin Turner
60%
1 Trea Turner
60%
5 Adrian Gonzalez
50%
1 Jason Heyward
50%
2 Yasmani Grandal
50%
1 Chase Utley
40%
3 Gavin Lux
40%
1 Hanley Ramírez
40%
5 Joc Pederson
40%
1 Manny Ramírez
40%
1 Walker Buehler
40%
5 Andre Ethier
30%
3 Austin Barnes
30%
3 Chris Taylor
30%
1 Dee Gordon
30%
1 Hyun-Jin Ryu
30%
5 A.J. Ellis
20%
1 Andrew Toles
20%
1 Dustin May
20%
1 Howie Kendrick
20%
1 Jimmy Rollins
20%
1 Luis Cruz
20%
2 Mark Ellis
20%
2 Rafael Furcal
20%
2 A.J. Pollock
10%
1 Blake DeWitt
10%
3 Carl Crawford
10%
1 Casey Blake
10%
1 David Peralta
10%
3 James Loney
10%
1 Jamey Carroll
10%
1 Juan Rivera
10%
4 Juan Uribe
10%
1 Justin Sellers
10%
2 Logan Forsythe
10%
1 Miguel Vargas
10%
1 Rod Barajas
10%
1 Scott Van Slyke
10%
1 Tony Gwynn, Jr.
10%
1 Vicente Padilla
10%
No matching quizzes found
Score Distribution
Percent of People with Each Score
Percentile by Number Answered
Your Score History
You have not taken this quiz since the last reset